Searching multimedia databases by content

Αποθηκεύτηκε σε:
Λεπτομέρειες βιβλιογραφικής εγγραφής
Κύριος συγγραφέας: Faloutsos, Christos
Μορφή: Βιβλίο
Γλώσσα:English
Δημοσίευση: Boston : Kluwer Academic Publishers, c1996.
Σειρά:Kluwer international series on advances in database systems ; 3
Θέματα:
Ετικέτες: Προσθήκη ετικέτας
Δεν υπάρχουν, Καταχωρήστε ετικέτα πρώτοι!

MARC

LEADER 00000cam a2200000 i 4500
001 1/84353
008 990630s1996 mau| ||| |||| ||eng||
020 |a 0792397770 
035 |l 10051588 
040 |a GR-MyUa  |b gre  |e AACR2 
041 0 |a eng 
082 7 |a 006.7   |2 (21) 
100 1 |a Faloutsos, Christos. 
245 1 0 |a Searching multimedia databases by content /   |c Christos Faloutsos. 
260 |a Boston :   |b Kluwer Academic Publishers,   |c c1996. 
300 |a xii, 155 σ. :   |b εικ. ;   |c 24 εκ. 
490 1 |a (Kluwer international series on advances in database systems ;   |v 3) 
504 |a Περιλαμβάνει βιβλιογραφικές παραπομπές (σ. 133-151) και ευρετήριο. 
650 0 |a Multimedia systems. 
650 0 |a Database searching. 
830 0 |a Kluwer international series on advances in database systems ;  |v 3 
852 |a INST  |b SAMOS  |e 19990630  |h 006.7 ΦΑΛ  |p 005300015010  |q 005300015010  |t BK  |y 0 
852 |a INST  |b SAMOS  |e 20000808  |h 006.7 ΦΑΛ  |p 005300019223  |q 005300019223  |t BK  |y 0 
852 |a INST  |b SAMOS  |e 20000808  |h 006.7 ΦΑΛ  |p 005300019224  |q 005300019224  |t BK  |y 0 
852 |a INST  |b SAMOS  |e 20000808  |h 006.7 ΦΑΛ  |p 005300019225  |q 005300019225  |t BK  |y 0 
852 |a INST  |b SAMOS  |e 20000808  |h 006.7 ΦΑΛ  |p 005300019226  |q 005300019226  |t BK  |y 0 
852 |a INST  |b SAMOS  |e 20000808  |h 006.7 ΦΑΛ  |p 005300019227  |q 005300019227  |t BK  |y 0 
852 |a INST  |b SAMOS  |e 20000808  |h 006.7 ΦΑΛ  |p 005300019228  |q 005300019228  |t BK  |y 0 
852 |a INST  |b SAMOS  |e 20000808  |h 006.7 ΦΑΛ  |p 005300019229  |q 005300019229  |t BK  |y 0 
852 |a INST  |b SAMOS  |e 20000808  |h 006.7 ΦΑΛ  |p 005300019230  |q 005300019230  |t BK  |y 0 
852 |a INST  |b SAMOS  |e 20000808  |h 006.7 ΦΑΛ  |p 005300019251  |q 005300019251  |t BK  |y 0 
852 |a INST  |b SYROS  |e 20000808  |h 006.7 FAL  |p 005500000407  |q 005500000407  |t BK  |y 0 
901 |a BIBL3-2000-2 
901 |a BIBL3-1999-2 
922 |a 3ΕΛΗ  |b 200002  |c ΤΠΕΣ/ΠΟΛ  |d LEADER BOOKS 
922 |a 5ΕΛΗ  |b 200002  |c ΤΠΕΣ/ΠΟΛ  |d LEADER BOOKS 
922 |a 3ΕΛΗ  |b 199905  |c ΚΠΣ  |d GLORY 
970 |a ΓΕΝΟΥΖΟΥ  |b ΧΡΥΣΑΝΘΗ  |z 1999/06/30